Dictionaire des oeuvres de tous les temps : Di - H . t. I

Saved in:
Bibliographic Details
Format: Book (Paper)
Published: : , 1954
Tags: Add Tag
No Tags, Be the first to tag this record!
Institutions: Thư viện Trường Đại học Đà Lạt
LEADER 00521nam a2200241 4500
001 DLU020018831
005 ##10/15/2001
020 # # |a 978- 
041 # # |f re 
082 # # |a 803  |b Dic 
245 # # |a Dictionaire des oeuvres de tous les temps :  |b Di - H .  |n t. I 
260 # # |a  :  |b  ,  |c 1954 
300 # # |a 679 tr.;   |c 28 cm. 
992 # # |a 0 
994 # # |a DLU 
998 # # |a TK 
900 # # |a False 
911 # # |a Administrator 
925 # # |a G 
926 # # |a A 
927 # # |a SH 
980 # # |a Thư viện Trường Đại học Đà Lạt